00834cam a2200217 a 450000100100000000500170001000800410002702000150006804000290008308200210011210000260013324500870015926000500024630000330029665000530032965000490038291000340043104900090046595201250047499900170059900001325320200929163157.0830511s1983 txua b 001 0 eng  a0256027080 aDO-SdBNPbengcLCdBNPHU a332.40973bR795m1 aRose, Peter S.93044210aMoney and capital markets :bthe financial system in the economy /cPeter S. Rose. aPlano, Texas :bBusiness Publications,c1983. axix, 739 p. :bil. ;c25 cm. 4aFinanzas internacionaleszEstados Unidos.930443 4aMercado de capitaleszEstados Unidos.930444 aCatalogación por copia / LC aBNGR 001052708MOaGRbGRcCTd2009-11-20iLF1l0o332.40973 R795mp13253-10r2020-06-25w2020-06-25y2ZPréstamo interno c12884d12884